Top Ten Bestselling Hip-Hop Artists/Groups of All-Time - Statistics

General Stats
  • This quiz has been taken 177 times
  • The average score is 5 of 10
Answer Stats
# Artist/Group % Correct
1 Eminem
88%
4 Tupac Shakur
84%
3 Jay-Z
82%
2 Kanye West
71%
9 Lil' Wayne
53%
6 Outkast
35%
5 DMX
20%
10 Ludacris
20%
7 Beastie Boys
18%
8 Nelly
12%
No matching quizzes found
Score Distribution
Percent of People with Each Score
Percentile by Number Answered
Your Score History
You have not taken this quiz